000 00544cam a2200145 4500500
005 20251012005127.0
041 _afre
042 _adc
100 1 0 _aGautier, Benoît
_eauthor
245 0 0 _aCole Stangler, Le miroir américain. Enquête sur la radicalisation des droites et l’avenir de la gauche. Les Arènes, 2025, 192 páginas, 20 euros.
260 _c2025.
500 _a17
786 0 _nÉtudes | - | 9 | 2025-09-01 | p. 138-139
856 4 1 _uhttps://shs.cairn.info/revista-etudes-2025-9-page-138?lang=es&redirect-ssocas=7080
999 _c1516708
_d1516708